Modelling aspects of the inflation process and the monetary transmission mechanism in emerging market countries

Saved in:
Bibliographic Details
Format: Book
Language:English
Published: Basel Bank for International Settlements 2001
Series:BIS Papers No. 8
Subjects:
Tags: Add Tag
No Tags, Be the first to tag this record!

MARC

LEADER 00000nam a2200000 4500
001 0024469
005 20240104133030.6
020 |a 92-9131-629-6 
022 |a 1609-0381 
041 0 |a eng 
044 |a CH 
245 1 0 |a Modelling aspects of the inflation process and the monetary transmission mechanism in emerging market countries 
264 1 |a Basel  |b Bank for International Settlements  |c 2001 
300 |a 272 s. 
490 1 |a BIS Papers  |v No. 8 
830 0 |a BIS Papers  |v No. 8 
610 2 0 |a politika menová 
610 2 0 |a inflácia 
610 2 0 |a kurz devízový 
610 2 0 |a ceny zahraničnoobchodné 
610 2 0 |a modelovanie 
610 2 0 |a porovnanie medzinárodné 
610 2 0 |a Medzinárodný menový fond